00333nam a2200121Ia 4500008004100000041000800041082001200049100002500061245004500086260003800131300003100169365001100200240624s9999 xx 000 0 und d aeng a330 BAL aBALAKRISHNAN PULAPRE aECONOMIC REFORMS AND GROWTH IN INDIA ESS c2011aNew DelhibOrient BlackSwan axiv, : 454 : p. : cm. ; 24 cRSb30